000 00529njm a2200181 i 4500
001 C2-0271189
003 PPAK
005 20180729152308.0
008 060809s1999 my |||| ||||| | may d
040 _aPPAK
_beng
_cPPAK
_erda
245 0 0 _aRakaman ucapan Menteri Besar
264 1 _aAlor Setar, Kedah :
_bPerbadanan Perpustakaan Awam Kedah ,
_c1999
336 _2rdacontent
_atext
337 _2rdamedia
_aunmediated
338 _2rdacarrier
_avolume
500 _aDirakam pada 17/9/1999 ; Tiada transkripsi
942 _ddc
_cB
999 _c163504
_d163504